Online
Catalog
Normal view MARC view

Entry Nombre personal

Number of records used in: 1

001 - NÚMERO DE CONTROL

  • campo de control: 81296

003 - IDENTIFICADOR DEL NÚMERO DE CONTROL

  • campo de control: DO-SdBNP

005 - FECHA Y HORA DE LA ÚLTIMA TRANSACCIÓN

  • campo de control: 20220824122629.0

008 - DATOS DE LONGITUD FIJA

  • campo de control de longitud fija: 220302|| aca||aabn | a|a d

040 ## - FUENTE DE LA CATALOGACIÓN

  • Centro catalogador/agencia de origen: DO-SdBNP
  • Centro/agencia transcriptor: DO-SdBNP

100 ## - ENCABEZAMIENTO-NOMBRE DE PERSONA

  • Nombre de persona: Morilla, Raúl
  • Fechas asociadas al nombre: 1972-

370 ## - LUGAR ASOCIADO

  • Lugar de nacimiento: Concepción de la Vega (República Dominicana)

374 ## - OCUPACIÓN

  • Ocupación: Arquitecto
  • Ocupación: Dibujante
  • Ocupación: Escultor

375 ## - GÉNERO/SEXO

  • Género/Sexo: Masculino

377 ## - LENGUA/LENGUAJE ASOCIADO

  • Código del idioma: spa

400 1# - TRAZADO DE VÉASE--NOMBRE DE PERSONA

  • Nombre de persona: Tamayo Morilla Rodríguez, Raúl

400 1# - TRAZADO DE VÉASE--NOMBRE DE PERSONA

  • Nombre de persona: Morilla Rodríguez, Raúl Tamayo

670 ## - FUENTE DE DATOS ENCONTRADOS

  • Cita de la fuente: Work cat.: (DO-SdBNP)3977: Contreras, Marivell 12302, Hija de la tormenta /, 2006

670 ## - FUENTE DE DATOS ENCONTRADOS

  • Cita de la fuente: https://raulmorilla.com/artista/ ; consultado 24/08/2022

Powered by Koha